Countries With The Most Blue Eyed People - Statistics

General Stats
  • This quiz has been taken 38 times
  • The average score is 33 of 40
Answer Stats
Total % Country % Correct
~12,1 mil 25 - 27 Canada
100%
~32,0 mil 40 - 45 United Kingdom
100%
~99,8 mil 25 - 30 United States
100%
~21,0 mil 5 - 10 Brazil
94%
~5,0 mil 75 - 80 Finland
94%
~37,8 mil 40 - 45 Germany
94%
~4,1 mil 65 - 75 Norway
94%
~57,2 mil 35 - 40 Russia
94%
~17,0 mil 25 - 40 Ukraine
94%
~7,2 mil 10 - 15 Spain
91%
~8,0 mil 65 - 70 Sweden
91%
~9,2 mil 15 - 20 Argentina
89%
~3,7 mil 30 - 40 Austria
89%
~18,0 mil 20 - 25 France
89%
~3,0 mil 55 - 60 Ireland
89%
~3,6 mil 35 - 40 Switzerland
89%
~9,0 mil 30 - 35 Australia
86%
~4,2 mil 65 - 75 Denmark
86%
~6,1 mil 45 - 50 Belgium
83%
~12,3 mil 15 - 20 Italy
83%
~7,0 mil 2 - 5 Mexico
83%
~10,5 mil 55 - 60 Netherlands
83%
~4,3 mil 40 - 45 Belarus
80%
~1,3 mil 15 - 20 Bulgaria
80%
~3,7 mil 30 - 35 Czech Republic
80%
~1,5 mil 15 - 20 Greece
80%
~22,7 mil 50 - 55 Poland
80%
~4,7 mil 20 - 25 Romania
80%
~1,4 mil 75 - 80 Latvia
77%
~2,1 mil 75 - 80 Lithuania
77%
~1,6 mil 15 - 20 Serbia
77%
- 3,2 mil 3 - 5 Colombia
74%
~1,3 mil 85 - 90 Estonia
74%
~1,3 mil 20 - 25 New Zealand
74%
~2,0 mil 30 - 35 Slovakia
74%
~2,9 mil 8 - 15 Chile
71%
~2,6 mil 25 - 27 Hungary
71%
~1,2 mil 20 - 25 Croatia
69%
~2,3 mil 2 - 5 South Africa
63%
~2,0 mil 5 - 7 Venezuela
60%
No matching quizzes found
Score Distribution
Percent of People with Each Score
Percentile by Number Answered
Your Score History
You have not taken this quiz